[Event "ch-ISR 2014"]
[Site "Beer-Sheva ISR"]
[Date "2014.06.20"]
[Round "4.1"]
[White "Mikhalevski, Victor"]
[Black "Givon, Asaf"]
[Result "1-0"]
[WhiteTitle "GM"]
[BlackTitle "IM"]
[WhiteElo "2519"]
[BlackElo "2459"]
[WhiteFideId "2801914"]
[BlackFideId "2801841"]
[EventDate "2014.06.17"]

1. d4 Nf6 2. c4 g6 3. Nf3 Bg7 4. e3 O-O 5. Be2 c5 6. d5 d6 7. Nc3 e6 8. Nd2 exd5
9. cxd5 Re8 10. O-O Na6 11. e4 Nc7 12. a4 b6 13. Bb5 Bd7 14. Bd3 Ng4 15. Be2 Nf6
16. f3 Nh5 17. Nc4 Bd4+ 18. Kh1 Qf6 19. Qd2 b5 20. axb5 Nxb5 21. Nd1 Qe7 22. Bd3
Bg7 23. g4 Nf6 24. Qg2 h5 25. Bg5 Qf8 26. h3 hxg4 27. fxg4 Nh7 28. Bf4 Qe7 29.
Qg3 Be5 30. Nxe5 dxe5 31. Be3 Nd6 32. Nc3 Rec8 33. Ra6 Rc7 34. Qf2 Rac8 35. Ra5
c4 36. Bb1 Nb5 1-0

[Event "ch-ISR 2014"]
[Site "Beer-Sheva ISR"]
[Date "2014.06.20"]
[Round "4.2"]
[White "Zoler, Dan"]
[Black "Kantsler, Boris"]
[Result "1-0"]
[WhiteTitle "GM"]
[BlackTitle "GM"]
[WhiteElo "2503"]
[BlackElo "2420"]
[WhiteFideId "2800705"]
[BlackFideId "2805359"]
[EventDate "2014.06.17"]

1. d4 d6 2. Nf3 g6 3. c4 Bg7 4. Nc3 Nf6 5. g3 O-O 6. Bg2 Nc6 7. O-O a6 8. Bf4
Rb8 9. Rc1 b5 10. Nd5 bxc4 11. Nxf6+ exf6 12. Rxc4 Ne7 13. Qc1 Nd5 14. Bd2 Bb7
15. Ba5 Qe8 16. Re1 f5 17. e3 Qe6 18. b3 c6 19. a4 Ba8 20. Qa3 Rfe8 21. Bd2 h6
22. Rec1 Nf6 23. b4 Qd7 24. Qd3 Bb7 25. Be1 Bf8 26. Nd2 d5 27. R4c2 Bxb4 28. Nb3
Bxe1 29. Rxe1 Ne4 30. Nc5 Qc7 31. Rec1 Qa5 32. Rb2 Qc7 33. Bxe4 fxe4 34. Qb1 Ba8
35. Nxa6 Rxb2 36. Nxc7 Rxb1 37. Rxb1 Rc8 38. Na6 1-0

[Event "ch-ISR 2014"]
[Site "Beer-Sheva ISR"]
[Date "2014.06.20"]
[Round "4.3"]
[White "Baron, Tal"]
[Black "Smirin, Ilia"]
[Result "1/2-1/2"]
[WhiteTitle "GM"]
[BlackTitle "GM"]
[WhiteElo "2515"]
[BlackElo "2660"]
[WhiteFideId "2809958"]
[BlackFideId "2801990"]
[EventDate "2014.06.17"]

1. e4 c5 2. Nf3 Nc6 3. d4 cxd4 4. Nxd4 Nf6 5. Nc3 d6 6. Bg5 e6 7. Qd2 a6 8.
O-O-O Bd7 9. f3 Be7 10. h4 h6 11. Be3 h5 12. Kb1 Ne5 13. Bg5 b5 14. f4 Neg4 15.
a3 Rc8 16. Re1 Qb6 17. Rh3 b4 18. axb4 Qxb4 19. e5 Nd5 20. Bxe7 Nxe7 21. exd6
Rb8 22. Nb3 Nf5 23. Ne4 O-O 24. Qxb4 Rxb4 25. Nbc5 Bc6 26. Bxa6 Rd8 27. Rd3 Nxh4
28. g3 Nf5 29. d7 h4 30. gxh4 Nxh4 31. c3 Rb6 32. Nd6 Ng2 33. Rg1 Nxf4 34. Rd4
e5 35. Rxg4 exd4 36. Rxf4 dxc3 37. Nxf7 Rxd7 38. Nxd7 Rxa6 39. Nb8 Ra4 40. b4
Bd5 41. Ne5 Bb3 42. Nd3 Ra2 43. Nc6 g5 44. Rg4 Rd2 45. Nd4 c2+ 46. Kb2 Rxd3 47.
Nxb3 Rxb3+ 48. Kxc2 Re3 49. Rxg5+ Kf7 50. Rd5 Ke6 51. Rd8 Rh3 52. Kb2 Rg3 53.
Rd4 Ke5 54. Rd2 Ke6 55. Ka2 Rh3 56. Rd4 Ke5 57. Rd8 Ke6 58. Kb2 Rg3 59. Kc2 Rh3
60. b5 Rh5 61. b6 Rb5 62. b7 Rxb7 1/2-1/2

[Event "ch-ISR 2014"]
[Site "Beer-Sheva ISR"]
[Date "2014.06.20"]
[Round "4.4"]
[White "Postny, Evgeny"]
[Black "Tseitlin, Mark D"]
[Result "1-0"]
[WhiteTitle "GM"]
[BlackTitle "GM"]
[WhiteElo "2641"]
[BlackElo "2349"]
[WhiteFideId "2804344"]
[BlackFideId "2800128"]
[EventDate "2014.06.17"]

1. d4 Nf6 2. c4 g6 3. f3 d5 4. cxd5 Nxd5 5. e4 Nb6 6. Be3 Bg7 7. Qd2 O-O 8. f4
Nc6 9. Nf3 Bg4 10. d5 Bxf3 11. gxf3 Nb8 12. h4 c6 13. h5 cxd5 14. hxg6 fxg6 15.
Qh2 h6 16. Rg1 d4 17. Bd2 Qd6 18. Bd3 g5 19. e5 Qe6 20. Rxg5 N8d7 21. Be4 Nc5
22. f5 Nxe4 23. Rxg7+ Kxg7 24. fxe6 Ng5 25. Qg2 1-0

[Event "ch-ISR 2014"]
[Site "Beer-Sheva ISR"]
[Date "2014.06.20"]
[Round "4.5"]
[White "Huzman, Alexander"]
[Black "Steinberg, Nitzan"]
[Result "1/2-1/2"]
[WhiteTitle "GM"]
[BlackTitle "IM"]
[WhiteElo "2573"]
[BlackElo "2416"]
[WhiteFideId "2803828"]
[BlackFideId "2801795"]
[EventDate "2014.06.17"]

1. Nf3 d5 2. d4 Nf6 3. c4 c6 4. e3 e6 5. Bd3 dxc4 6. Bxc4 Nbd7 7. Nbd2 c5 8. O-O
Be7 9. dxc5 Nxc5 10. Qe2 O-O 11. e4 Bd7 12. e5 Nd5 13. Ne4 Bc6 14. Nxc5 Bxc5 15.
Rd1 Qb6 16. Ng5 h6 17. Ne4 Ne3 18. Nxc5 Nxd1 19. Nb3 Rfd8 20. Bf4 Rd4 21. Nxd4 1/2-1/2

[Event "ch-ISR 2014"]
[Site "Beer-Sheva ISR"]
[Date "2014.06.20"]
[Round "4.6"]
[White "Kantarji, Pinchas"]
[Black "Golod, Vitali"]
[Result "1/2-1/2"]
[WhiteTitle "FM"]
[BlackTitle "GM"]
[WhiteElo "2417"]
[BlackElo "2559"]
[WhiteFideId "2803712"]
[BlackFideId "2804140"]
[EventDate "2014.06.17"]

1. d4 Nf6 2. c4 e6 3. Nf3 d5 4. g3 Bb4+ 5. Bd2 Bd6 6. Qc2 c6 7. Bg2 Nbd7 8. O-O
O-O 9. Bf4 Bxf4 10. gxf4 b6 11. cxd5 Nxd5 12. e3 Bb7 13. Nc3 Nxc3 14. bxc3 Qe7
15. Ng5 Nf6 16. Ne4 Nxe4 17. Qxe4 Rab8 18. c4 Rfe8 19. Qc2 c5 20. d5 exd5 21.
cxd5 Rbd8 22. e4 Qh4 23. f5 Qf4 24. Rfe1 g6 25. fxg6 hxg6 26. Re3 Re5 1/2-1/2

[Event "ch-ISR 2014"]
[Site "Beer-Sheva ISR"]
[Date "2014.06.20"]
[Round "4.7"]
[White "Ben Artzi, Ido"]
[Black "Mordechai, Hanan"]
[Result "0-1"]
[WhiteTitle "FM"]
[BlackTitle "FM"]
[WhiteElo "2359"]
[BlackElo "2314"]
[WhiteFideId "2810913"]
[BlackFideId "2804166"]
[EventDate "2014.06.17"]

1. d4 Nf6 2. c4 e6 3. Nc3 Bb4 4. e3 O-O 5. Bd3 c5 6. Nf3 d5 7. O-O cxd4 8. exd4
dxc4 9. Bxc4 Nbd7 10. Qe2 Nb6 11. Bb3 Nbd5 12. Bd2 Bd6 13. Ne5 h6 14. Rfe1 b6
15. Nxd5 Nxd5 16. Qg4 Qf6 17. Qe4 Rd8 18. Nc6 Rf8 19. Bxd5 exd5 20. Qxd5 Bb7 21.
Rac1 Rfc8 22. Ne7+ Qxe7 23. Rxe7 Bxd5 24. Rxc8+ Rxc8 25. Rd7 Rc6 0-1

[Event "ch-ISR 2014"]
[Site "Beer-Sheva ISR"]
[Date "2014.06.20"]
[Round "4.8"]
[White "Birnboim, Nathan"]
[Black "Roiz, Michael"]
[Result "0-1"]
[WhiteTitle "IM"]
[BlackTitle "GM"]
[WhiteElo "2333"]
[BlackElo "2589"]
[WhiteFideId "2800209"]
[BlackFideId "2804158"]
[EventDate "2014.06.17"]

1. d4 d5 2. c4 e6 3. Nf3 Nf6 4. g3 Bb4+ 5. Bd2 Bd6 6. Bg2 c6 7. Qb3 O-O 8. O-O
Nbd7 9. Bb4 Bxb4 10. Qxb4 a5 11. Qc3 b6 12. Nbd2 Bb7 13. Ne5 c5 14. Nxd7 Qxd7
15. Rfd1 Rfc8 16. b3 Qc7 17. Rac1 cxd4 18. Qxd4 e5 19. Qh4 d4 20. Ne4 Bxe4 21.
Bxe4 Rab8 22. Bf5 Rd8 23. Rd3 Qc5 24. g4 h6 25. g5 hxg5 26. Qxg5 Kf8 27. Rg3 Ke7
28. Rd1 Rh8 29. Bb1 Rh5 30. Qd2 Rbh8 31. Rg2 g6 32. e3 Rh4 33. Qe2 dxe3 34. fxe3
Rh3 35. Re1 R8h4 36. Bc2 e4 37. Qd2 Ng4 38. Bxe4 Nxh2 39. Bd5 Ng4 40. Rge2 Qd6 0-1

[Event "ch-ISR 2014"]
[Site "Beer-Sheva ISR"]
[Date "2014.06.20"]
[Round "4.9"]
[White "Nakar, Eylon"]
[Black "Reshef, Omer"]
[Result "1-0"]
[WhiteTitle "IM"]
[WhiteElo "2442"]
[BlackElo "2266"]
[WhiteFideId "2811111"]
[BlackFideId "2804336"]
[EventDate "2014.06.17"]

1. Nf3 d5 2. c4 c6 3. g3 Nf6 4. Bg2 Bf5 5. cxd5 cxd5 6. Qb3 Qb6 7. Qxb6 axb6 8.
Nc3 Nc6 9. d3 e5 10. O-O d4 11. Nb5 Kd7 12. Bd2 Ne8 13. Rfc1 f6 14. Rxc6 bxc6
15. Nbxd4 Be6 16. Nxe6 Kxe6 17. Rc1 Rxa2 18. Rxc6+ Bd6 19. Bh3+ Ke7 20. Rxb6 Nc7
21. Bf5 g6 22. Be4 Ra6 23. Rb7 f5 24. Bd5 Kd7 25. Bc4 Ra1+ 26. Kg2 Kc6 27. Rb3
Nd5 28. Rb5 Nb6 29. Nxe5+ Bxe5 30. Rxe5 Nxc4 31. dxc4 Rd8 32. Bc3 Rc1 33. h4 Kd7
34. Rd5+ Ke8 35. Rb5 Rc8 36. c5 Kd7 37. Bd4 f4 38. gxf4 Kc6 39. Rb6+ Kd5 40.
Rd6+ Ke4 41. f3+ Kxf4 42. Rf6# 1-0

[Event "ch-ISR 2014"]
[Site "Beer-Sheva ISR"]
[Date "2014.06.20"]
[Round "4.10"]
[White "Gamayev, Oleg"]
[Black "Rinberg, Alexander"]
[Result "0-1"]
[BlackTitle "FM"]
[WhiteElo "2166"]
[BlackElo "2321"]
[WhiteFideId "2802813"]
[BlackFideId "14102510"]
[EventDate "2014.06.17"]

1. d3 c5 2. e4 d6 3. Nf3 Nc6 4. Be2 g6 5. O-O Bg7 6. c3 Nf6 7. a4 O-O 8. h3 h6
9. Nbd2 e5 10. Re1 Re8 11. Qc2 d5 12. exd5 Nxd5 13. Nb3 b6 14. a5 Rb8 15. axb6
axb6 16. Bf1 Be6 17. Nbd2 Qc7 18. Nc4 Kh7 19. Qe2 b5 20. Ncd2 f5 21. Qd1 Bf7 22.
Qc2 Qd6 23. Nb3 Ra8 24. Rxa8 Rxa8 25. Be3 Nxe3 26. Rxe3 c4 27. dxc4 bxc4 28.
Nbd2 Qc5 29. Nb1 e4 30. Nfd2 Ne5 31. b3 cxb3 32. Nxb3 Qb6 33. c4 Rc8 34. N1d2
Bf6 35. Re1 Bh4 36. c5 Qb4 37. Re3 Bf6 38. Kh1 Kg7 39. Kg1 Rc7 40. Be2 Bd5 41.
Bf1 Rb7 42. Nc1 Nc6 43. Bc4 Nd4 44. Qa2 Bxc4 45. Nxc4 Qxc5 46. Ne2 Rb4 47. Nd2
Rb2 48. Nxd4 Bxd4 49. Qe6 Bxe3 50. Qd7+ Kf8 51. fxe3 Qxe3+ 52. Kf1 Qxd2 53. Qc8+
Ke7 54. Qc7+ Kf6 55. Qc6+ Kg5 56. h4+ Kf4 57. Qc7+ 0-1

[Event "ch-ISR 2014"]
[Site "Beer-Sheva ISR"]
[Date "2014.06.20"]
[Round "4.11"]
[White "Gurbanov, Andrei"]
[Black "Bakalchuk, Johnatan"]
[Result "0-1"]
[WhiteElo "2329"]
[BlackElo "2244"]
[WhiteFideId "13503391"]
[BlackFideId "2810301"]
[EventDate "2014.06.17"]

1. d4 Nf6 2. c4 g6 3. Nc3 Bg7 4. e4 d6 5. f3 O-O 6. Be3 Nc6 7. Nge2 a6 8. Qd2
Na5 9. Nc1 Nd7 10. b4 Nc6 11. d5 Nxb4 12. h4 c6 13. Rb1 a5 14. a3 Na6 15. h5
Nac5 16. Bh6 Bh8 17. hxg6 fxg6 18. Bxf8 Qxf8 19. dxc6 bxc6 20. Nd5 Ne5 21. Ne3
Be6 22. Qf2 Qf7 23. Qh4 h5 24. Qg3 Bg7 25. Be2 Bh6 26. Nf5 Bxf5 27. Rxh5 Bxe4
28. Rxh6 Bxb1 29. f4 Qg7 0-1

[Event "ch-ISR 2014"]
[Site "Beer-Sheva ISR"]
[Date "2014.06.20"]
[Round "4.12"]
[White "Arlinsky, Uriel"]
[Black "Horesh, Tal"]
[Result "1-0"]
[WhiteTitle "FM"]
[WhiteElo "2314"]
[BlackElo "2139"]
[WhiteFideId "2809575"]
[BlackFideId "2809451"]
[EventDate "2014.06.17"]

1. c4 Nf6 2. Nc3 e6 3. d4 Bb4 4. e3 O-O 5. Bd3 d5 6. Nf3 c6 7. O-O Nbd7 8. Qc2
h6 9. Ne2 Bd6 10. Ng3 Re8 11. Bd2 Qc7 12. Rac1 a5 13. Rfe1 Qb8 14. e4 Bxg3 15.
hxg3 b5 16. Bf4 Qb6 17. cxd5 cxd5 18. Bc7 Qb7 19. e5 Ne4 20. Rxe4 dxe4 21. Bxe4
Qa6 22. Bxa8 Qxa8 23. Qc6 Qxc6 24. Rxc6 a4 25. Ne1 f6 26. Nd3 Bb7 27. Rd6 Bc8
28. a3 Kf7 29. Kf1 Ke7 30. Nf4 Kf7 31. Nd3 Ke7 32. Rc6 Kf7 33. Bd6 Kg6 34. f3 h5
35. Kf2 Kf5 36. Nf4 h4 37. gxh4 fxe5 38. g4+ Kxf4 39. Rc7 Rh8 40. Rxd7 Rxh4 41.
Bxe5+ Kg5 42. Rxg7+ Kh6 43. Rg8 Rh2+ 44. Bxh2 1-0

[Event "ch-ISR 2014"]
[Site "Beer-Sheva ISR"]
[Date "2014.06.20"]
[Round "4.13"]
[White "Poleg, Matan"]
[Black "Frenkel, Ran"]
[Result "1/2-1/2"]
[WhiteElo "2125"]
[BlackElo "2174"]
[WhiteFideId "2811472"]
[BlackFideId "2815974"]
[EventDate "2014.06.17"]

1. d4 Nf6 2. c4 g6 3. Nc3 Bg7 4. e4 d6 5. Nf3 O-O 6. Be2 e5 7. O-O Nc6 8. d5 Ne7
9. Ne1 Nd7 10. Nd3 f5 11. exf5 gxf5 12. f4 Ng6 13. fxe5 Ndxe5 14. Nf4 Nxf4 15.
Bxf4 a6 16. Qd2 Qf6 17. Bg5 Qg6 18. Rac1 Bd7 19. b4 f4 20. Rxf4 Rxf4 21. Bxf4
Bh3 22. g3 Rf8 23. Qe3 Rxf4 24. Qxf4 Bh6 25. Qh4 Be3+ 26. Kh1 Bxc1 27. Qxh3 Qc2
28. Qe6+ Kg7 29. Qe7+ Kh6 30. Qf6+ Ng6 31. h4 Qd2 32. Qg5+ Qxg5 33. hxg5+ Kxg5
34. c5 Kf5 35. c6 bxc6 36. dxc6 Ne5 37. Bxa6 Nxc6 38. b5 Nb4 39. a4 Bd2 40. Ne2
Ke5 41. Bb7 Nd3 42. Ng1 Bc3 43. Nf3+ Kf5 44. Bc8+ Kf6 45. g4 Nc5 46. Bf5 h5 47.
Nh2 hxg4 48. Bc2 Kg5 49. Bd1 g3 50. Nf1 Kf4 51. Kg2 Ke4 52. Bc2+ Kd4 53. Nxg3
Ba5 54. Kf3 Kc3 55. Bg6 Nxa4 56. Ke4 Kc4 57. Bf7+ Kc5 58. Ne2 Kxb5 59. Be8+ Kb4
60. Kd5 Nb6+ 61. Kc6 Nc4 62. Nd4 Ne5+ 63. Kd5 Ng4 64. Bf7 Bb6 65. Nf5 Bc5 66.
Ne7 Kb5 67. Be8+ Kb6 68. Ba4 Ne3+ 69. Ke6 Nc4 70. Be8 Ne5 71. Kd5 Nd3 72. Ba4
Nb4+ 73. Ke6 Nd3 74. Kd5 Nf4+ 75. Ke4 Ne2 76. Be8 Nc3+ 77. Kd3 d5 78. Nc8+ Kb7
79. Kxc3 Kxc8 80. Bc6 d4+ 81. Kd3 Kd8 82. Bd5 Ke7 83. Ba2 Kd6 84. Bg8 Ke5 1/2-1/2

[Event "ch-ISR 2014"]
[Site "Beer-Sheva ISR"]
[Date "2014.06.20"]
[Round "4.14"]
[White "Zanan, Evgeny"]
[Black "Kraus, Yair"]
[Result "1/2-1/2"]
[WhiteTitle "FM"]
[WhiteElo "2257"]
[BlackElo "2093"]
[WhiteFideId "24101940"]
[BlackFideId "2804786"]
[EventDate "2014.06.17"]

1. e4 c5 2. Nf3 Nc6 3. Bb5 g6 4. O-O Bg7 5. Re1 Nf6 6. e5 Nd5 7. Nc3 Nc7 8. Bxc6
dxc6 9. Ne4 Ne6 10. d3 b6 11. Be3 Qc7 12. Neg5 h6 13. Nxe6 Bxe6 14. Bf4 Qd7 15.
Qd2 g5 16. Bg3 g4 17. Nh4 c4 18. f4 gxf3 19. Nxf3 cxd3 20. cxd3 O-O-O 21. Qc3
Kb7 22. d4 Bd5 23. a4 Qg4 24. Rf1 h5 25. Nh4 Bh6 26. h3 Qg5 27. Ra3 Rdg8 28. Rf5
Qd2 29. Kh2 Qxc3 30. Rxc3 Bd2 31. Rd3 Bc1 32. Rf2 Bg5 33. Rc3 Rh7 34. Kg1 Kc8
35. Nf5 Kd7 36. h4 Bh6 37. Kh2 Rg4 38. Kh3 Be6 39. Rd3 Bf8 40. Kh2 Bh6 41. Kh3
Rh8 1/2-1/2

[Event "ch-ISR 2014"]
[Site "Beer-Sheva ISR"]
[Date "2014.06.20"]
[Round "4.15"]
[White "Eliagov, Kafar"]
[Black "Lederer, Yoav"]
[Result "1/2-1/2"]
[WhiteTitle "FM"]
[WhiteElo "2268"]
[BlackElo "2298"]
[WhiteFideId "2804883"]
[BlackFideId "2800292"]
[EventDate "2014.06.17"]

1. e4 c5 2. Nf3 Nc6 3. Bb5 Nf6 4. e5 Nd5 5. Nc3 Nc7 6. Bxc6 dxc6 7. h3 g6 8. O-O
Bg7 9. d3 O-O 10. Re1 b6 11. a3 Ne6 12. b4 cxb4 13. axb4 c5 14. bxc5 bxc5 15.
Rb1 Ba6 16. Ng5 Nd4 17. Bf4 Qd7 18. Nce4 Rfc8 19. Ra1 Bb7 20. Ra5 Bxe4 21. Nxe4
Ne6 22. Bg3 c4 23. Kh2 cxd3 24. Qxd3 Qxd3 25. cxd3 Rd8 26. Rea1 Rxd3 27. Rxa7
Rxa7 28. Rxa7 f5 29. Rxe7 fxe4 30. Rxe6 e3 31. fxe3 Rxe3 32. Bf4 Kf7 33. Rxg6
Kxg6 1/2-1/2

[Event "ch-ISR 2014"]
[Site "Beer-Sheva ISR"]
[Date "2014.06.20"]
[Round "4.16"]
[White "Volman, Horacio"]
[Black "Axelrod, Arie"]
[Result "0-1"]
[BlackTitle "FM"]
[WhiteElo "2203"]
[BlackElo "2305"]
[WhiteFideId "2800853"]
[BlackFideId "2804867"]
[EventDate "2014.06.17"]

1. d4 Nf6 2. c4 e6 3. Nc3 Bb4 4. e3 O-O 5. Ne2 c6 6. a3 Ba5 7. b4 Bc7 8. e4 d5
9. e5 Ne8 10. Ng3 a5 11. Rb1 axb4 12. axb4 f6 13. f4 fxe5 14. dxe5 Nd7 15. Bd3
Qh4 16. Qh5 Qxh5 17. Nxh5 g6 18. Nf6+ Nexf6 19. exf6 Nxf6 20. O-O e5 21. cxd5
cxd5 22. fxe5 Bxe5 23. Nb5 Ra2 24. Bf4 Ng4 25. Bxe5 Nxe5 26. Rxf8+ Kxf8 27. Bf1
Bf5 28. Rd1 Ng4 29. Nc3 Ne3 30. Re1 Rc2 31. Nb5 Nxf1 32. Rxf1 Ke7 33. Nd4 Rb2
34. Nxf5+ gxf5 35. Rxf5 Ke6 36. Rh5 d4 37. Kf1 Rxb4 38. Ke2 Rb3 39. Kd2 Kd6 40.
Kc2 Rc3+ 41. Kd2 Kc6 42. Rxh7 b5 43. Rh8 b4 44. Rb8 Kc5 45. Rc8+ Kb5 46. Rd8 Kc4
47. Rc8+ Kb3 48. Rd8 Rc2+ 49. Kd1 Rxg2 50. Rxd4 Rxh2 51. Rd8 Kc3 52. Rc8+ Kb2
53. Rb8 b3 54. Rb7 Rh4 55. Rb8 Rd4+ 56. Ke2 Ka3 57. Ke3 Rb4 58. Ra8+ Ra4 59. Rb8
Ka2 60. Kd3 Ra7 61. Kc3 Rc7+ 62. Kd3 Kb2 63. Rf8 Kb1 64. Rb8 b2 65. Rf8 Rb7 66.
Rc8 Ka2 0-1

[Event "ch-ISR 2014"]
[Site "Beer-Sheva ISR"]
[Date "2014.06.22"]
[Round "5.1"]
[White "Zoler, Dan"]
[Black "Mikhalevski, Victor"]
[Result "1/2-1/2"]
[WhiteTitle "GM"]
[BlackTitle "GM"]
[WhiteElo "2503"]
[BlackElo "2519"]
[WhiteFideId "2800705"]
[BlackFideId "2801914"]
[EventDate "2014.06.17"]

1. d4 Nf6 2. c4 g6 3. g3 Bg7 4. Bg2 d5 5. cxd5 Nxd5 6. Nf3 Nb6 7. Nc3 Nc6 8. e3
O-O 9. O-O Re8 10. d5 Na5 11. Nd4 Bd7 12. e4 Rc8 13. Re1 c6 14. Rb1 Nbc4 15. b3
Qb6 16. Nde2 Ne5 17. Na4 Qc7 18. Nf4 c5 19. Bd2 c4 20. b4 b5 21. Nc5 Nb7 22.
Nxd7 Nxd7 23. Qc2 c3 24. Be3 Nd6 25. Nd3 Nc4 26. Bf4 Nde5 27. Rb3 Nd2 28. Bxd2
Nxd3 29. Qxd3 cxd2 30. Rd1 Bc3 31. Qxb5 a5 32. bxa5 Bxa5 33. Bf3 Rb8 34. Qa4
Rec8 35. Kg2 Bc3 36. Ra3 Qc5 37. Qa7 Rb2 38. Bg4 Rc7 39. Qxc5 Rxc5 40. Ra7 Kf8
41. Ra8+ Kg7 42. Ra7 Kf8 1/2-1/2

[Event "ch-ISR 2014"]
[Site "Beer-Sheva ISR"]
[Date "2014.06.22"]
[Round "5.2"]
[White "Mordechai, Hanan"]
[Black "Postny, Evgeny"]
[Result "1/2-1/2"]
[WhiteTitle "FM"]
[BlackTitle "GM"]
[WhiteElo "2314"]
[BlackElo "2641"]
[WhiteFideId "2804166"]
[BlackFideId "2804344"]
[EventDate "2014.06.17"]

1. e4 c6 2. d4 d5 3. Nc3 dxe4 4. Nxe4 Bf5 5. Ng3 Bg6 6. h4 h6 7. Nf3 Nd7 8. h5
Bh7 9. Bd3 Bxd3 10. Qxd3 e6 11. Bf4 Qa5+ 12. Bd2 Bb4 13. c3 Be7 14. c4 Qc7 15.
O-O-O Ngf6 16. Ne4 b5 17. c5 O-O 18. Nxf6+ Nxf6 19. Rdg1 Ng4 20. Qe2 Qd7 21. Rh3
Qd5 22. Rg3 Nf6 23. Bxh6 Nxh5 24. Rg4 f5 25. Rg6 Rf6 26. Ne5 Rxg6 27. Nxg6 Bf6
28. Bd2 f4 29. Rh1 f3 30. Qxf3 Qxf3 31. gxf3 Kf7 32. Ne5+ Bxe5 33. dxe5 Kg6 34.
Rg1+ Kh7 35. Rh1 Kg6 36. Rg1+ Kh7 37. Rh1 1/2-1/2

[Event "ch-ISR 2014"]
[Site "Beer-Sheva ISR"]
[Date "2014.06.22"]
[Round "5.3"]
[White "Smirin, Ilia"]
[Black "Nakar, Eylon"]
[Result "1-0"]
[WhiteTitle "GM"]
[BlackTitle "IM"]
[WhiteElo "2660"]
[BlackElo "2442"]
[WhiteFideId "2801990"]
[BlackFideId "2811111"]
[EventDate "2014.06.17"]

1. d4 Nf6 2. c4 e6 3. Nf3 b6 4. a3 Bb7 5. Nc3 d5 6. cxd5 Nxd5 7. Qc2 Be7 8. e4
Nxc3 9. bxc3 O-O 10. Bd3 c5 11. O-O Qc7 12. Qe2 Nc6 13. d5 Na5 14. Bc2 exd5 15.
exd5 Rfe8 16. Qd3 g6 17. Bh6 Bf6 18. Rae1 Red8 19. c4 b5 20. Nd2 Nxc4 21. Ne4
Bd4 22. Qf3 Qb6 23. Qh3 Rxd5 24. Ng5 Bf6 25. Re6 Qxe6 26. Nxe6 Rh5 27. Qb3 fxe6
28. Qxb5 Be5 29. h3 Nd6 30. Qe2 Nf7 31. Be3 Rc8 32. Rb1 Bd5 33. Qg4 Kg7 34. Be4
Rc7 35. Rd1 Bf6 36. Bf4 Re7 37. Qf3 Rf5 38. Rxd5 Rxf4 39. Qxf4 exd5 40. Bd3 c4
41. Bf1 c3 42. Qc1 d4 43. f4 Nd6 44. g4 h6 45. g5 hxg5 46. fxg5 Be5 47. Bd3 Nf5
48. Qb1 Nh4 49. Be4 Rc7 50. Qb5 Bf4 51. Qd5 Kh7 52. Kf1 Nf3 53. Bc2 Nd2+ 54. Kf2
Re7 55. Qc6 Be3+ 56. Kg2 Rg7 57. h4 Bf4 58. Kh3 Nf1 59. h5 Bxg5 60. Bxg6+ Kh8
61. Qe8+ Rg8 62. Qe5+ 1-0

[Event "ch-ISR 2014"]
[Site "Beer-Sheva ISR"]
[Date "2014.06.22"]
[Round "5.4"]
[White "Roiz, Michael"]
[Black "Kantsler, Boris"]
[Result "1-0"]
[WhiteTitle "GM"]
[BlackTitle "GM"]
[WhiteElo "2589"]
[BlackElo "2420"]
[WhiteFideId "2804158"]
[BlackFideId "2805359"]
[EventDate "2014.06.17"]

1. d4 d6 2. Nf3 g6 3. c4 Bg7 4. Nc3 Nf6 5. g3 O-O 6. Bg2 Nc6 7. O-O a6 8. Bf4
Ng4 9. h3 e5 10. Bg5 f6 11. Bc1 exd4 12. Nxd4 Nge5 13. Nxc6 Nxc6 14. Be3 Be6 15.
b3 Qd7 16. Kh2 Rae8 17. Rc1 Ne7 18. Qd3 Qc8 19. Bd2 Nc6 20. Nd5 Ne5 21. Qc2 Bf5
22. e4 Be6 23. Bc3 c6 24. Ne3 f5 25. f4 Nf7 26. Bxg7 Kxg7 27. exf5 Bxf5 28. Qc3+
Kg8 29. Rce1 Bd7 30. b4 b5 31. a3 Qd8 32. Ng4 Bxg4 33. hxg4 Rxe1 34. Rxe1 bxc4
35. Qxc4 Qd7 36. Qxc6 Qxg4 37. Qxa6 Qh5+ 38. Kg1 Qg4 39. Kh2 Qh5+ 40. Kg1 Qg4
41. Qd3 Kg7 42. Qc3+ Kh6 43. Bc6 Qh3 44. Re2 1-0

[Event "ch-ISR 2014"]
[Site "Beer-Sheva ISR"]
[Date "2014.06.22"]
[Round "5.5"]
[White "Rinberg, Alexander"]
[Black "Huzman, Alexander"]
[Result "0-1"]
[WhiteTitle "FM"]
[BlackTitle "GM"]
[WhiteElo "2321"]
[BlackElo "2573"]
[WhiteFideId "14102510"]
[BlackFideId "2803828"]
[EventDate "2014.06.17"]

1. e4 e6 2. d4 d5 3. Nc3 Bb4 4. e5 Ne7 5. a3 Bxc3+ 6. bxc3 c5 7. h4 Qa5 8. Bd2
Qa4 9. h5 cxd4 10. cxd4 Nbc6 11. Bd3 b6 12. Ne2 Nxd4 13. Nc3 Qd7 14. Qg4 Nef5
15. Ne2 Qa4 16. O-O Nxe2+ 17. Qxe2 Bd7 18. Bb4 a5 19. Bd2 h6 20. Rab1 Qd4 21.
Rfd1 Qc5 22. g4 Nd4 23. Qe3 Nc6 24. Qg3 Ne7 25. Rb3 d4 26. c3 Ba4 27. cxd4 Qd5
28. Bc2 Rc8 29. Rc3 Bxc2 30. Rxc8+ Nxc8 31. Rc1 Qe4 32. Qc3 O-O 33. f3 Qe2 34.
Rxc2 Ne7 35. Be1 Qd1 36. Rc1 Qa4 37. Bf2 Nd5 38. Qb2 b5 39. Kh2 b4 40. axb4 axb4
41. Ra1 Qb5 42. Qd2 b3 43. Rb1 Rc8 44. Rb2 Rc3 45. Kg3 Qc4 0-1

[Event "ch-ISR 2014"]
[Site "Beer-Sheva ISR"]
[Date "2014.06.22"]
[Round "5.6"]
[White "Golod, Vitali"]
[Black "Steinberg, Nitzan"]
[Result "1-0"]
[WhiteTitle "GM"]
[BlackTitle "IM"]
[WhiteElo "2559"]
[BlackElo "2416"]
[WhiteFideId "2804140"]
[BlackFideId "2801795"]
[EventDate "2014.06.17"]

1. d4 d5 2. c4 c6 3. Nf3 Nf6 4. e3 e6 5. Nc3 Nbd7 6. Qc2 Bd6 7. Bd3 dxc4 8. Bxc4
b5 9. Be2 O-O 10. O-O Bb7 11. e4 e5 12. Rd1 Qc7 13. g3 Rfe8 14. Bg5 exd4 15.
Nxd4 b4 16. Nf5 Bc5 17. Bf4 Ne5 18. Na4 Bf8 19. Rac1 c5 20. f3 Rac8 21. b3 g6
22. Nh6+ Kh8 23. Nb2 Nh5 24. Be3 f5 25. Nc4 fxe4 26. fxe4 Nxc4 27. Bxc4 Bxe4 28.
Qf2 Bxh6 29. Bxh6 Bf5 30. Re1 Nf6 31. g4 Ne4 32. Qg2 Qe5 33. gxf5 gxf5 34. Kh1
Rc6 35. Rg1 Rg6 36. Bf7 Rxg2 37. Rxg2 Nf2+ 38. Rxf2 Re7 39. Rd1 Qc7 40. Bd5 Qe5
41. Rg2 Re8 42. Bf7 1-0

[Event "ch-ISR 2014"]
[Site "Beer-Sheva ISR"]
[Date "2014.06.22"]
[Round "5.7"]
[White "Bakalchuk, Johnatan"]
[Black "Baron, Tal"]
[Result "1/2-1/2"]
[BlackTitle "GM"]
[WhiteElo "2244"]
[BlackElo "2515"]
[WhiteFideId "2810301"]
[BlackFideId "2809958"]
[EventDate "2014.06.17"]

1. e4 e6 2. d4 d5 3. Nc3 Bb4 4. exd5 exd5 5. Qf3 Be6 6. Bd3 Nf6 7. Ne2 Nbd7 8.
Bd2 O-O 9. h3 c5 10. O-O-O Re8 11. Rhe1 c4 12. Bf5 b5 13. Bxe6 fxe6 14. Nf4 Qb6
15. Nce2 Bxd2+ 16. Rxd2 Qa5 17. Ng3 Qxa2 18. Qa3 Qxa3 19. bxa3 Kf7 20. Rde2 Nf8
21. h4 a5 22. c3 Ra6 23. Nh3 h6 24. f4 Rb8 25. f5 Rbb6 26. Nf4 g6 27. fxg6+ Nxg6
28. Rf1 Nxh4 29. Nfh5 Nf5 30. Re5 Nxh5 31. Nxh5 Kg8 32. g4 Nh4 33. Nf6+ Kg7 34.
Ne8+ Kg8 35. Nf6+ Kg7 36. Ne8+ Kg8 37. Nf6+ 1/2-1/2